Misty Mountains - Statistics

General Stats
  • This quiz has been taken 58 times
  • The average score is 152 of 281
Answer Stats
Answer % Correct
A
100%
And
100%
Cold
100%
Deep
100%
Far
100%
Misty
100%
Mountain
100%
Mountains
100%
Over
100%
The
100%
Away
92%
Break
92%
Day
92%
Dungeons
92%
Must
92%
Of
92%
Old
92%
To
92%
We
92%
Caverns
85%
Gold
85%
In
85%
Our
85%
Ere
77%
For
77%
Long
77%
On
77%
Trees
77%
Where
77%
Forgotten
69%
Light
69%
Like
69%
Night
69%
Torches
69%
Blazed
62%
Fire
62%
Pines
62%
Were
62%
With
62%
Red
54%
Flaming
46%
It
46%
Roaring
46%
Seek
46%
Spread
46%
Was
46%
Win
46%
Moaning
38%
Dragon
31%
From
31%
Heights
31%
Pale
31%
Winds
31%
Claim
23%
Dark
23%
Dim
23%
Dragon’s
23%
Enchanted
23%
Grim
23%
Him
23%
Ire
23%
Things
23%
Gems
15%
Hoard
15%
Hung
15%
Laid
15%
Made
15%
Men
15%
Mighty
15%
Sleep
15%
Spells
15%
Than
15%
They
15%
While
15%
Wrought
15%
Yore
15%
Ancient
8%
Bells
8%
Beneath
8%
By
8%
Caught
8%
Crowns
8%
Dwarves
8%
Elves
8%
Elvish
8%
Fall
8%
Fell
8%
Fells
8%
Fierce
8%
Flowering
8%
Gleaming
8%
Golden
8%
Hall
8%
Halls
8%
Hammers
8%
Hide
8%
Hilt
8%
Hollow
8%
King
8%
Lord
8%
Low
8%
Man
8%
Many
8%
Moon
8%
More
8%
Necklaces
8%
Places
8%
Ringing
8%
Shaped
8%
Silver
8%
Stars
8%
Strung
8%
Sun
8%
Sword
8%
Their
8%
There
8%
Twisted
8%
Wire
8%
Carved
0%
Dale
0%
Delves
0%
Doom
0%
Dying
0%
Faces
0%
Feet
0%
Fled
0%
Frail
0%
Goblets
0%
Harps
0%
Heard
0%
His
0%
Houses
0%
Lay
0%
Looked
0%
Meshed
0%
No
0%
Or
0%
Smoked
0%
Song
0%
Sung
0%
Themselves
0%
Towers
0%
Tramp
0%
Unheard
0%
Up
0%
No matching quizzes found
Score Distribution
Percent of People with Each Score
Percentile by Number Answered
Your Score History
You have not taken this quiz